ギネス世界記録を保持している日本の漫画 - Statistics

General Stats
  • This quiz has been taken 8 times
  • The average score is 3 of 11
Answer Stats
内容 Answer 備考 % Correct
単一作家による売上世界一のコミック ONE PIECE 2022年9月時点で5億1660万部
100%
少年誌の最長連載記録 こちら葛飾区亀有公園前派出所 1976年〜2016年
75%
世界で最もビデオゲーム化されたコミック ドラゴンボール 2016年までに146作販売
38%
最も発行巻数が多い単一漫画シリーズ ゴルゴ13 全206巻
38%
最も多く発行された単一作者による少女コミックシリーズ 花より男子 2023年4月時点で約6000万部
0%
世界一長く続いた4コマ漫画 仙人部落 1956年〜2014年
0%
世界一掲載回数の多い4コマ漫画 ジャンケンポン 2016年時点で1万5000回
0%
世界最大の漫画の本 巨人用 進撃の巨人 1.1m×71.5cm
0%
1人の著者によって出版された最多コミックの記録 石ノ森章太郎萬画大全集 770作品
0%
二人組の女性漫画家による最も発行巻数の多いコミックシリーズ あさりちゃん 全100巻
0%
デジタルコミックにおいて、最も長い1コマのグラフィック画像 1コマの国のアリス 320dp×16万3631dp
0%
No matching quizzes found
Score Distribution
Percent of People with Each Score
Percentile by Number Answered
Your Score History
You have not taken this quiz